[Event "male"]
[Site "?"]
[Date "2016.02.12"]
[Round "2.8"]
[White "Lagashin, Pavel"]
[Black "Emdin, Mark"]
[Result "1/2-1/2"]
[LiveChessVersion "1.4.2"]
[BlackElo "2227"]
[WhiteElo "2149"]

1. d4 {[%clk 1:28:16]} d5 {[%clk 1:30:54]} 2. c4 {[%clk 1:28:40]} c6
{[%clk 1:31:21]} 3. Nf3 {[%clk 1:29:06]} Nf6 {[%clk 1:31:46]} 4. Nc3
{[%clk 1:29:30]} dxc4 {[%clk 1:32:08]} 5. a4 {[%clk 1:29:58]} Bf5
{[%clk 1:32:15]} 6. Ne5 {[%clk 1:30:23]} Nbd7 {[%clk 1:32:07]} 7. Nxc4
{[%clk 1:30:46]} Nb6 {[%clk 1:32:30]} 8. Ne3 {[%clk 1:31:13]} e6 {[%clk 1:20:09]}
9. a5 {[%clk 1:31:25]} Nbd5 {[%clk 1:15:34]} 10. Ncxd5 {[%clk 1:25:02]} Nxd5
{[%clk 1:15:38]} 11. Nxf5 {[%clk 1:25:23]} exf5 {[%clk 1:15:59]} 12. e3
{[%clk 1:25:39]} Bb4+ {[%clk 1:04:30]} 13. Bd2 {[%clk 1:26:03]} Qe7
{[%clk 1:04:17]} 14. Bxb4 {[%clk 1:21:09]} Qxb4+ {[%clk 1:04:20]} 15. Qd2
{[%clk 1:21:35]} Qe7 {[%clk 1:03:34]} 16. Bc4 {[%clk 1:21:42]} Nf6
{[%clk 1:01:52]} 17. O-O {[%clk 1:20:00]} a6 {[%clk 0:58:05]} 18. Bd3
{[%clk 1:16:21]} g6 {[%clk 0:57:47]} 19. Rfc1 {[%clk 1:16:15]} Rd8
{[%clk 0:54:52]} 20. Ra4 {[%clk 1:11:48]} O-O {[%clk 0:51:18]} 21. Qb4
{[%clk 1:11:50]} Qc7 {[%clk 0:48:45]} 22. g3 {[%clk 1:09:17]} Rfe8
{[%clk 0:41:48]} 23. Bf1 {[%clk 1:09:01]} h5 {[%clk 0:40:29]} 24. Bg2
{[%clk 1:08:54]} h4 {[%clk 0:33:51]} 25. Qc5 {[%clk 1:09:03]} hxg3
{[%clk 0:28:18]} 26. hxg3 {[%clk 1:09:28]} Qd7 {[%clk 0:26:20]} 27. Rb4
{[%clk 1:08:57]} Ne4 {[%clk 0:19:05]} 28. Bxe4 {[%clk 1:09:22]} Rxe4
{[%clk 0:18:23]} 29. Qb6 {[%clk 0:59:58]} Re7 {[%clk 0:15:53]} 30. d5
{[%clk 0:59:29]} cxd5 {[%clk 0:12:18]} 31. Rh4 {[%clk 0:57:54]} Qd6
{[%clk 0:09:29]} 32. Qd4 {[%clk 0:56:55]} Qe5 {[%clk 0:09:32]} 33. Qxe5
{[%clk 0:57:11]} Rxe5 {[%clk 0:09:58]} 34. Rb4 {[%clk 0:48:21]} Rd7
{[%clk 0:08:32]} 35. Rc8+ {[%clk 0:46:57]} Kg7 {[%clk 0:08:45]} 36. Rb8
{[%clk 0:47:23]} Ree7 {[%clk 0:06:59]} 37. Kf1 {[%clk 0:43:15]} Rc7
{[%clk 0:06:35]} 38. Ke2 {[%clk 0:41:33]} Rc5 {[%clk 0:04:24]} 39. R8xb7
{[%clk 0:41:26]} Rxb7 {[%clk 0:04:49]} 40. Rxb7 {[%clk 1:11:50]} Rxa5
{[%clk 0:35:05]} 41. Kd3 {[%clk 1:12:15]} Ra4 {[%clk 0:28:55]} 42. Rb6
{[%clk 1:11:06]} Kh6 {[%clk 0:21:45]} 43. f3 {[%clk 1:07:50]} Kg7
{[%clk 0:20:12]} 44. Rd6 {[%clk 1:05:27]} Ra5 {[%clk 0:20:09]} 45. Kc3
{[%clk 0:53:10]} Rc5+ {[%clk 0:17:01]} 46. Kb3 {[%clk 0:51:06]} Rb5+
{[%clk 0:16:50]} 47. Kc3 {[%clk 0:51:32]} a5 {[%clk 0:16:34]} 48. b3
{[%clk 0:51:32]} Kf8 {[%clk 0:10:01]} 49. Ra6 {[%clk 0:51:56]} Kg7
{[%clk 0:07:53]} 50. g4 {[%clk 0:47:56]} fxg4 {[%clk 0:07:48]} 51. fxg4
{[%clk 0:48:22]} Kh6 {[%clk 0:07:22]} 52. Rf6 {[%clk 0:48:11]} Kg5
{[%clk 0:06:48]} 53. Rxf7 {[%clk 0:48:37]} Kxg4 {[%clk 0:07:06]} 54. Re7
{[%clk 0:45:09]} g5 {[%clk 0:04:53]} 55. Re5 {[%clk 0:42:12]} Kh4
{[%clk 0:03:57]} 56. Kd2 {[%clk 0:40:41]} g4 {[%clk 0:03:34]} 57. e4
{[%clk 0:40:01]} g3 {[%clk 0:02:36]} 58. Ke2 {[%clk 0:40:29]} Rxb3
{[%clk 0:02:19]} 59. exd5 {[%clk 0:38:21]} Rb2+ {[%clk 0:02:21]} 60. Kf1
{[%clk 0:38:32]} Rb1+ {[%clk 0:02:18]} 61. Kg2 {[%clk 0:38:46]} Rb2+
{[%clk 0:02:44]} 62. Kg1 {[%clk 0:39:08]} Rd2 {[%clk 0:02:25]} 63. d6
{[%clk 0:37:48]} a4 {[%clk 0:02:29]} 64. Ra5 {[%clk 0:38:00]} Rd1+
{[%clk 0:02:09]} 65. Kg2 {[%clk 0:38:25]} Rd2+ {[%clk 0:02:36]} 66. Kg1
{[%clk 0:38:49]} Kh3 {[%clk 0:02:36]} 67. Rh5+ {[%clk 0:39:14]} Kg4
{[%clk 0:02:56]} 68. Ra5 {[%clk 0:39:40]} Kf3 {[%clk 0:02:33]} 69. Rf5+
{[%clk 0:40:05]} Ke4 {[%clk 0:02:53]} 70. Ra5 {[%clk 0:40:19]} Rxd6
{[%clk 0:02:41]} 71. Rxa4+ {[%clk 0:40:44]} Kf3 {[%clk 0:03:03]} 72. Ra3+
{[%clk 0:41:10]} 1/2-1/2